000 00482nam a2200157 i 4500
001 99576
003 ES-MaACL
005 20230906182523.0
007 t|
008 050913s1963 sp ||||1| spa d
100 1 _aMartínez de Bedoya, Javier.
_977982
245 1 4 _aLos problemas de una constitución
_b: Ensayos de Ciencia Política /
_cJavier Martínez de Bedoya.
260 _aMadrid :
_bParaninfo,
_c1963.
300 _a221 p. ;
_c22 cm.
852 _aES-MaACL
_jC-24477
_bR.53257
999 _c99576
_d99576